FC Joueurs en D - Statistiques

Statistiques générales
  • Ce quiz a été pris 89 fois
  • Le résultat moyen est 8 sur 11
Statistiques - réponses
Poste Nationalité 2 Clubs phares Joueur % Correct
G Italie AC Milan/PSG Gianluigi Donnarumma
100%
MCD Belgique Chelsea/Manchester City Kévin De Bruyne
98%
MG Belgique Stade Rennais/Manchester City Jérémy Doku
93%
DCG Brésil Bayern Münich/OGC Nice Dante
89%
MD France FC Barcelone/PSG Ousmane Dembélé
85%
DD Pays-Bas PSV Eindhoven/Inter Milan Denzel Dumfries
73%
DG Italie Hellas Vérone/Inter Milan Federico Dimarco
67%
MCG Portugal FC Porto/FC Barcelone Déco
59%
DCD Pays-Bas Lazio Rome/Inter Milan Stefan De Vrij
57%
BUG Italie Juventus/Sydney FC Alessandro Del Piero
51%
BUD Belgique AC Milan/Atalanta Bergame Charles De Ketelaere
46%
Aucun quiz correspondant
Distribution des résultats
% des personnes avec chaque résultat
Percentile par nombre de réponses
Votre historique - résultats
Vous n’avez pas pris ce quiz